000 00629nam a2200265Ia 4500
005 20260306163454.0
008 008 260114s9999 xx 000 0 eng d
020 _a9781474406437
037 _aEBOOK
040 _aCRL
040 _beng
040 _cCRL
041 _2eng
041 _aeng
084 _qCRL
100 _aPettey, Palmer
_91128702
245 0 _aInternational Noir
260 _bEdinburgh Scholarship Online
260 _c2015
650 _aJournalism & Mass Communication
856 _uhttps://academic.oup.com/book/37259
942 _cEBOOK
999 _c1710239
_d1710239